Estadística para ciencias e ingeniería

Saved in:
書目詳細資料
主要作者: Kennedy, John B (Author)
其他作者: Neville, Adam M. (autor)
格式: 圖書
語言:西班牙语
出版: Ciudad de México HARLA 1982
版:2a. ed
主題:
標簽: 添加標簽
沒有標簽, 成為第一個標記此記錄!

MARC

LEADER 00000nam a2200000 a 4500
001 UCR6317
003 CL-VaPUC
008 980423e19820000MX |||||||||||||||||spa|d
082 0 4 |a 519.5  |b KEN  |2 21 
100 0 |a Kennedy, John B  |e author  |9 407456 
700 |a Neville, Adam M.  |e autor  |9 407457 
245 1 0 |a Estadística para ciencias e ingeniería 
250 |a 2a. ed 
300 |a 468 p 
942 |c BK 
945 |d 19980423 00:00:00  |a crobeson 
260 |a Ciudad de México  |b HARLA  |c 1982 
650 0 |a Matemáticas para ingenieros  |9 259317 
650 0 |a Estadística para ingenieros  |9 262502 
650 0 |a Estadística matemática  |9 260028 
650 0 |a Métodos estadísticos   |9 259407 
583 |a last modification  |c 19980423 00:00:00  |k Rodrigo Vera 
999 |c 268523  |d 268521 
952 |0 0  |1 0  |4 0  |6 519_500000000000000_KEN_1982  |7 0  |8 A  |9 301709  |a BIBALI  |b BIBALI  |c GEN  |d 2019-11-20  |i 1991027  |o 519.5 KEN 1982  |p 1991027  |r 2025-01-20  |w 2019-11-20  |y BK  |k ALI